| 000 | 01079cam a22003015a 4500 | ||
|---|---|---|---|
| 001 | 2525820 | ||
| 005 | 20201128024142.0 | ||
| 008 | 931215t1994 ilu frb s001 0 eng d | ||
| 020 | _a0226000885 vol. 1 (paper : alk. paper) | ||
| 020 | _a9780226000886 | ||
| 040 |
_aDLC _cDLC _dDLC _dEG-ScBUE _beng |
||
| 041 | 1 |
_aeng _hfre |
|
| 082 | 0 | 4 |
_222 _a150.195 _bABR |
| 100 | 1 | _aAbraham, Nicolas. | |
| 245 | 1 | 4 |
_aThe shell and the kernel : _brenewals of psychoanalysis / _cNicolas Abraham and Maria Torok ; edited, translated, and with an introduction by Nicholas T. Rand. |
| 260 |
_aChicago ; _aLondon : _bUniversity of Chicago Press, _cc.1994. |
||
| 300 |
_av. 1 ; _c24 cm. |
||
| 504 | _aIncludes bibliographical references and index. | ||
| 546 | _aText in English ; translated from original French. | ||
| 600 | 1 | 0 |
_aFreud, Sigmund, _d1856-1939. _938048 |
| 650 | 7 |
_aPsychoanalysis. _2BUEsh _9757 |
|
| 651 | _2BUEsh | ||
| 653 |
_bBUSBOL _cApril2017 |
||
| 655 |
_vReading book _934232 |
||
| 700 | 1 | _aTorok, Maria. | |
| 700 | 1 |
_aRand, Nicholas T. _q(Nicholas Thomas) |
|
| 942 | _2ddc | ||
| 999 |
_c24700 _d24672 |
||